Psycho [a selection of musical compositions describing chaos, tension, judgement day, mystique atc.] /

Main Author: Košut, Michal, 1954-
Published: Praha : Zdeněk Nedvěd - Studio Fontána, c2004
Series: Fontana music library
Physical Description: 1 zvuková deska (47:10) : digital ; 12 cm + 1 leták (12 x 12 cm)
Audio
Saved in:
LEADER 01828njm a2200385 a 4500
001 000862242
003 CZ BrMZK
005 20120131125945.0
007 sd fsngnnmmned
008 070817s2004 xr fm??g????????? d
028 0 1 |a FN 156  |b Zdeněk Nedvěd - Studio Fontána 
040 |a BOA001  |b cze 
080 |a 78:791.636  |2 MRF 
080 |a 782  |2 MRF 
080 |a (086.76)  |2 MRF 
100 1 |a Košut, Michal,  |d 1954-  |7 jn19990209395  |4 cmp  |4 itr 
245 1 0 |a Psycho  |h [zvukový záznam] :  |b [a selection of musical compositions describing chaos, tension, judgement day, mystique atc.] /  |c [hudba Michal Košut] 
260 |a Praha :  |b Zdeněk Nedvěd - Studio Fontána,  |c c2004 
300 |a 1 zvuková deska (47:10) :  |b digital ;  |c 12 cm +  |e 1 leták (12 x 12 cm) 
306 |a 004710 
490 1 |a Fontana Music Library 
500 |a Podnázev převzat z obalu 
500 |a Kompaktní deska (DDD) 
505 0 |a Evil, darkness, end of days. Apocalypse 1-5 -- Tension, anxiety, fear. Tension 1-6 ; Trillsound 1-3 -- Chaos, destruction, stress, nerve-racking. Destruction 1-7 ; Sequence 1-2 ; Harpsichord -- Bizzare, dark cults. Brass 1-4 -- Strange places. Campanile 1-6 -- Melancholy, relaxed moments. Nirvana 1-7 -- Distress, hunting. Birds 1-3 ; Flutes 1-3 ; Chaos 1-2 ; Presto 1-4 -- Tension, psycho. Clustersound 1-2 ; Vibraphonesound ; Marimbasoud 1-3 -- March 1-2 -- Classic 
508 |a Producent Zdeněk Nedvěd 
511 1 |a Michal Košut 
650 0 7 |a filmová hudba  |7 ph120185  |2 czenas 
650 0 7 |a scénická hudba  |7 ph125443  |2 czenas 
655 7 |a kompaktní desky  |7 fd201991  |2 czenas 
830 0 |a Fontana music library 
910 |a BOA001  |b CD-0014.062 
990 |a AV 
995 |a 01 
991 |b 200708 
996 6 |b 261H015561  |c CD-0014.062  |l MZK  |r Sklad / do 24 hodin  |n 0  |w 000862242  |u 000010  |a 1  |e BOA001  |j MZK50  |s P